From Wulf to Woolf / (Record no. 197621)

MARC details
000 -LEADER
fixed length control field 00398nam a22001577a 4500
005 - DATE AND TIME OF LATEST TRANSACTION
control field 20230912162901.0
010 ## - LCCN (DPL NO)
LC control number ENG-137890
020 ## - INTERNATIONAL STANDARD BOOK NUMBER
International Standard Book Number 9798885034821
Terms of availability 499.00
035 ## - SYSTEM CONTROL NUMBER
System control number EN-121422
037 ## - SOURCE OF ACQUISITION
Source of stock number/acquisition DBAD/PUB
082 ## - DEWEY DECIMAL CLASSIFICATION NUMBER
Classification number 880
100 ## - MAIN ENTRY--PERSONAL NAME
Personal name Verma,Nimai
245 ## - TITLE STATEMENT
Title From Wulf to Woolf /
Statement of responsibility, etc by Nimai Verma
300 ## - PHYSICAL DESCRIPTION
Extent 437p.
Dimensions 23cm(pbk)
942 ## - ADDED ENTRY ELEMENTS (KOHA)
Source of classification or shelving scheme Dewey Decimal Classification
Item type English Books
Classification part 880
Call number suffix VER
Holdings
Withdrawn status Lost status Not for loan Collection code Home library Current library Date acquired Source of acquisition Cost, normal purchase price Full call number Barcode Copy number Cost, replacement price Koha item type
      Non-fiction Central Jail Tihar Central Jail Tihar 28/08/2023 DBAD/PUB 499.00 880 VER EN-121422 1 499.00 English Books

© Delhi Public Library
Hit Counter
free hit counter